header

Real-life MDA (Record no. 245378)

MARC details
000 -LEADER
fixed length control field 01452nam a2200349Ia 4500
082 04 - DEWEY DECIMAL CLASSIFICATION NUMBER
Classification number 658.4/038
100 1# - MAIN ENTRY--AUTHOR NAME
Personal name Guttman, Michael.
245 10 - TITLE STATEMENT
Title Real-life MDA
260 ## - PUBLICATION, DISTRIBUTION, ETC. (IMPRINT)
Place of publication San Francisco, CA :
Name of publisher Morgan Kaufmann Publishers,
Year of publication c2005.
300 ## - PHYSICAL DESCRIPTION
Number of Pages xxii, 200 p.
650 #0 - SUBJECT ADDED ENTRY--TOPICAL TERM
Topical Term Information technology
Topical Term Computer software
Topical Term Software architecture
Topical Term System design
Topical Term Management information systems
700 1# - ADDED ENTRY--PERSONAL NAME
Personal name Parodi, John.
856 40 - ELECTRONIC LOCATION AND ACCESS
Uniform Resource Identifier http://site.ebrary.com/lib/rucke/Doc?id=10158367

No items available.

© 2026 Rongo University
Contact us: librarian | system librarian | Rongo university